| 000 | 00579nam a22001937a 4500 | ||
|---|---|---|---|
| 999 |
_c157172 _d157172 |
||
| 005 | 20181201172929.0 | ||
| 010 | _aB-225980 | ||
| 020 | _a8131716821 | ||
| 035 | _aB-225980, B-225989 | ||
| 037 | _bPearson Education | ||
| 082 | _a513 | ||
| 100 | _aKhattar, Dinesh | ||
| 245 |
_aThe pearson guide to objective arithmetic _bfor competitive examination _cby Dinesh Khattar |
||
| 250 | _a2nd ed. | ||
| 260 |
_aNew Delhi _bPearson Education _c2008 |
||
| 300 |
_a584p. _c28cm(Pbk) |
||
| 942 |
_2ddc _cEN _h513 KHA |
||